| 000 | 00453nam a2200145 4500 | ||
|---|---|---|---|
| 001 | 120085 | ||
| 003 | ES-MaACL | ||
| 005 | 20230906191449.0 | ||
| 007 | t| | ||
| 008 | 070214s1916 sp r ||||1| spa d | ||
| 100 | 1 |
_aPérez Urruti, Juan Antonio. _991187 |
|
| 245 | 1 | 4 |
_aUna obra nacional _b: el dinero para las repoblaciones forestales : conferencia / _cJuan Antonio Pérez Urruti. |
| 260 |
_aMadrid : _b[s.n.], _c1916. |
||
| 852 |
_aES-MaACL _j1483-F-18 |
||
| 999 |
_c120085 _d120085 |
||